Se necesita un doble

Enregistré dans:
Détails bibliographiques
Auteur principal: Alcalde, Manuel Alonso
Format: Livre
Langue:Undetermined
Publié: Madrid, España Editora Nacional 1967
Sujets:
Tags: Ajouter un tag
Pas de tags, Soyez le premier à ajouter un tag!

MARC

LEADER 00000nam a2200000Ia 4500
008 170316s9999 xx 000 0 und d
040 |a cru BVZT 
090 |a 862 A-13s 
100 |a Alcalde, Manuel Alonso 
245 |a Se necesita un doble 
260 |a Madrid, España 
260 |b Editora Nacional 
260 |c 1967 
300 |a 131 páginas 
650 |a LITERATURA ESPAÑOLA 
999 |c 9362  |d 9362 
942 |c 15 D  |h 862 A-13s  |2 z